000 00319nam a22001337a 4500
005 20160628111314.0
008 160628b xxu||||| |||| 00| 0 eng d
041 _aeng
082 _b10749
245 _aPramana, Journal of Physics
260 _bIndian Academy of Sciences
_c188
650 _aJournal
_93034
942 _cJRL
999 _c4393
_d4392